Normal view
MARC view
- Locatelli
Entry Personal Name
001 - CONTROL NUMBER
- control field: 819
003 - CONTROL NUMBER IDENTIFIER
- control field: IT-RoPau
005 - DATE AND TIME OF LATEST TRANSACTION
- control field: 20131031220511.0
008 - FIXED-LENGTH DATA ELEMENTS
- fixed length control field: 131031|| aca||aabn | a|a d
040 ## - CATALOGING SOURCE
- Original cataloging agency: IT-RoPau
- Transcribing agency: IT-RoPau
100 ## - HEADING--PERSONAL NAME
- Personal name: Locatelli
- Miscellaneous information: Codice Autore Musica SPICS: 14065
- Name of part/section of a work: Buon Natale mio amor
670 ## - SOURCE DATA FOUND
- Source citation: Work cat.: (IT-RoPau)101155: AA.VV. 794, Noel 2 (Lp Noel 3002)